LEADER 01571nam a2200361 a 4500 001 000000124582 003 CaOOAMICUS 005 20110404122749.0 008 110308s1998 it f u000 udita r 020 $a88-16-40480-9 040 $aPUL$bita 041 1 $aita$hfre 082 04$a271 100 1 $aPernoud, Régine,$d1909-1998.$0(OLS)http://pul/name/13015 240 10$aSpiritualité de Jeanne d'Arc.$lItaliano.$0(OLS)http://pul/title/157052 245 13$aLa spiritualità di Giovanna d'Arco /$cRégine Pernoud ; presentazione di Inos Biffi. 260 $aMilano :$bJaca Book,$c©1998. 300 $axiv, 103 p. :$btav. cronolog. ;$c23 cm 490 1 $aDi fronte e attraverso ;$v480 490 1 $aBiblioteca di cultura medievale 504 $aContiene riferimenti bibliografici ed indice. 600 04$aJohanna Arcensis,$cs.,$d1412-1432.$0(OLS)http://pul/subject/13405 700 1 $aBiffi, Inos,$csac.,$d1934-$0(OLS)http://pul/name/1663 830 0$aBiblioteca di cultura medievale.$0(OLS)http://pul/title/2253 830 0$aDi fronte e attraverso ;$v480.$0(OLS)http://pul/title/138 850 $aPUL 852 $aPUL$W1$xSL Religione 3$y85$m271 COLL 1.480$j143465$qDDC 21$B142494$CPULBib$Z2$F142494 $H115463 $82 941 1 $a9 996 $6020$a88-16-40480-9$9(OLS)http://pul/number/146594 996 $6082$a271$9(OLS)http://pul/classification/284 996 $6245$aLa spiritualità di Giovanna d'Arco$9(OLS)http://pul/title/157053 996 $6260$aMilano :$bJaca Book$9(OLS)http://pul/publisher/47900 LEADER 00993nam a2200241 u 4500 001 000000052124 003 CaOOAMICUS 005 20070226115420.0 008 001009s1956 it u000 u ita u 035 $a10857634 040 $aPUL(R)$bita 100 1 $aMagni, Cesare,$d1901-1982.$0(OLS)http://pul/name/48 245 10$aAvviamento allo studio analitico del diritto ecclesiastico /$cCesare Magni. 260 $aMilano :$bA. Giuffrè,$c1956. 300 $a106 p. ;$c25 cm 504 $aBibliografia in nota. 650 4$aDiritto ecclesiastico$zItalia$xStudio e insegnamento.$0(OLS)http://pul/subject/2960 850 $aPUL 852 $aPUL$W1$xDP1 Fondo Ciprotti$y59$m1544 B 12$j68952$nBK-PRI$b $qFondi$B68952$CPULBib$Z2$F68952 $H $81 941 1 $a1 961 $aINV: F. Ciprotti 996 $6245$aAvviamento allo studio analitico del diritto ecclesiastico$9(OLS)http://pul/title/69915 996 $6260$aMilano :$bA. Giuffrè$9(OLS)http://pul/publisher/48096